<?xml version="1.0" encoding="UTF-8"?>
<record
    xmlns:xsi="http://www.w3.org/2001/XMLSchema-instance"
    xsi:schemaLocation="http://www.loc.gov/MARC21/slim http://www.loc.gov/standards/marcxml/schema/MARC21slim.xsd"
    xmlns="http://www.loc.gov/MARC21/slim">

  <leader>01155nam a22002777a 4500</leader>
  <datafield tag="952" ind1=" " ind2=" ">
    <subfield code="a">0001</subfield>
    <subfield code="b">0001</subfield>
    <subfield code="d">2019-04-19</subfield>
    <subfield code="l">0</subfield>
    <subfield code="o">956.101543 R39i 2016</subfield>
    <subfield code="p">006503</subfield>
    <subfield code="r">2019-04-19 00:00:00</subfield>
    <subfield code="w">2019-04-19</subfield>
    <subfield code="y">BKS</subfield>
  </datafield>
  <datafield tag="999" ind1=" " ind2=" ">
    <subfield code="c">13183</subfield>
    <subfield code="d">13183</subfield>
  </datafield>
  <controlfield tag="003">MIRAKIL</controlfield>
  <controlfield tag="005">20190419110239.0</controlfield>
  <controlfield tag="008">190419b        tu ||||| |||| 00| 0 tur d</controlfield>
  <datafield tag="020" ind1=" " ind2=" ">
    <subfield code="a">9786053328308</subfield>
  </datafield>
  <datafield tag="040" ind1=" " ind2=" ">
    <subfield code="a">TR-AnCHP</subfield>
    <subfield code="c">TR-AnCHP</subfield>
  </datafield>
  <datafield tag="041" ind1="1" ind2=" ">
    <subfield code="a">tur </subfield>
  </datafield>
  <datafield tag="082" ind1="0" ind2="4">
    <subfield code="a">956.101543</subfield>
    <subfield code="b">R39i 2016</subfield>
  </datafield>
  <datafield tag="100" ind1="1" ind2=" ">
    <subfield code="a">Reynolds, Michael A. </subfield>
  </datafield>
  <datafield tag="245" ind1="1" ind2="0">
    <subfield code="a">&#x130;mparatorluklar&#x131;n &#xE7;&#xF6;k&#xFC;&#x15F;&#xFC; : </subfield>
    <subfield code="b"> Osmanl&#x131;-Rus &#xE7;at&#x131;&#x15F;mas&#x131; 1908-1918 / </subfield>
    <subfield code="c"> Michael A. Reynolds&#xA0;; &#xE7;eviren: Y&#xFC;cel A&#x15F;&#x131;ko&#x11F;lu.</subfield>
  </datafield>
  <datafield tag="246" ind1=" " ind2=" ">
    <subfield code="a">Osmanl&#x131;-Rus &#xE7;at&#x131;&#x15F;mas&#x131; 1908-1918</subfield>
  </datafield>
  <datafield tag="260" ind1=" " ind2=" ">
    <subfield code="a">&#x130;stanbul : </subfield>
    <subfield code="b"> T&#xFC;rkiye &#x130;&#x15F; Bankas&#x131; K&#xFC;lt&#xFC;r, </subfield>
    <subfield code="c"> 2016.</subfield>
  </datafield>
  <datafield tag="300" ind1=" " ind2=" ">
    <subfield code="a">xv, 378 s. : </subfield>
    <subfield code="b"> res., hrt. ; </subfield>
    <subfield code="c"> 23 sm.</subfield>
  </datafield>
  <datafield tag="490" ind1="1" ind2=" ">
    <subfield code="a">T&#xFC;rkiye &#x130;&#x15F; Bankas&#x131; K&#xFC;lt&#xFC;r yay&#x131;nlar&#x131; ; </subfield>
    <subfield code="v"> 3616. </subfield>
  </datafield>
  <datafield tag="500" ind1=" " ind2=" ">
    <subfield code="a">&#xD6;zg&#xFC;n eserad&#x131;: Shattering empires : the clash and collapse of the Ottoman and Russian empires, 1908-1918.</subfield>
  </datafield>
  <datafield tag="504" ind1=" " ind2=" ">
    <subfield code="a">Kaynak&#xE7;a ve dizin vard&#x131;r.</subfield>
  </datafield>
  <datafield tag="650" ind1=" " ind2="4">
    <subfield code="a">Osmanl&#x131; &#x130;mparatorlu&#x11F;u</subfield>
    <subfield code="x">Tarih </subfield>
    <subfield code="y">1908-1918</subfield>
  </datafield>
  <datafield tag="650" ind1=" " ind2="4">
    <subfield code="a">D&#x131;&#x15F; ili&#x15F;kiler</subfield>
    <subfield code="x">Osmanl&#x131; &#x130;mmparatorlu&#x11F;u</subfield>
    <subfield code="x">Rusya</subfield>
    <subfield code="y">1908-1918</subfield>
  </datafield>
  <datafield tag="700" ind1=" " ind2=" ">
    <subfield code="9">5651</subfield>
    <subfield code="a">A&#x15F;&#x131;ko&#x11F;lu, Y&#xFC;cel</subfield>
    <subfield code="e">&#xE7;ev.</subfield>
  </datafield>
  <datafield tag="740" ind1=" " ind2=" ">
    <subfield code="a">Osmanl&#x131;- Rus &#xE7;at&#x131;&#x15F;mas&#x131; 1908-1918</subfield>
  </datafield>
  <datafield tag="942" ind1=" " ind2=" ">
    <subfield code="2">ddc</subfield>
    <subfield code="c">BKS</subfield>
  </datafield>
</record>
